| 000 | 00621nam a2200169 a 4500 | ||
|---|---|---|---|
| 001 | 000035896 | ||
| 005 | 20200930074712.0 | ||
| 008 | 111115s1975 xxuac 000 0 spa d | ||
| 040 |
_aDO-SdBNP _bspa _cBNPHU |
||
| 100 | 1 |
_aChaij, Fernando. _95855 |
|
| 245 | 1 | 3 |
_aEl dilema del hombre en esta hora de revolución. / _cFernando Chaij. |
| 260 |
_aCalifornia : _bEdiciones Interamericanas, _c1975. |
||
| 300 |
_a128 p. : _bil., retrs. ; _c21 cm. |
||
| 500 | _aIncluye referencias bibliográficas y notas al pie de las páginas | ||
| 590 | _aPerteneció a la biblioteca personal de Juan Isidro Jimenes Grullón | ||
| 049 | _aBNPD | ||
| 999 |
_c35387 _d35387 |
||